Repensar América Latina /
Furkejuvvon:
| Váldodahkki: | |
|---|---|
| Materiálatiipa: | Texto |
| Fáttát: | |
| Fáddágilkorat: |
Lasit fáddágilkoriid
Eai fáddágilkorat, Lasit vuosttaš fáddágilkora!
|
MARC
| LEADER | 00000 a a2200000 04500 | ||
|---|---|---|---|
| 001 | 41981 | ||
| 003 | |||
| 040 | |||
| 100 | |a Burgueño Lomelí, Fausto | ||
| 245 | |a Repensar América Latina / |c Fausto Burgueño Lomelí | ||
| 650 | |a AMERICA LATINA | ||
| 650 | |a MEXICO | ||
| 650 | |a DEVALUACION | ||
| 650 | |a CAPITALISMO | ||
| 650 | |a PROBLEMAS SOCIALES | ||
| 650 | |a COOPERACION ECONOMICA | ||
| 650 | |a INTEGRACION REGIONAL | ||
| 650 | |a ESTADO | ||
| 773 | |g volumen21, número81 ( , 1990), páginas 9-13 | ||
| 999 | |c 38627 |d 38627 | ||
